Animal | Group Name |
Sheep | Flock, Herd, Hirsel, Pack, Drove, Trip, or Mob | | 97.8% | Goats | Flock, Herd, Tribe, or Trip | | 96.8% | Rabbits | Bury, Colony, Circle, Nest, Herd, Litter (Young), or Trace | | 96.8% | Rats | Colony, Pack, Swarm, or Mischief | | 96.2% | Buffalo | Herd, Troop, Gang, or Obstinacy | | 95.5% | Giraffes | Corps, Troop, Herd, Tower, Kindergarten, Journey, or Kaleidoscope | | 95.5% | Porpoises | Herd, School, or Pod | | 95.5% | Whales | Pod (Small School), Grind (Bottle Nose Whales), School, Herd, Gam | | 95.5% | Cattle | Herd, Drove, Drift, or Mob | | 95.2% | Deer/Roe Deer | Herd, Leash, Mob, or Bevy (Roe Deer) | | 95.2% | Elephants | Herd, Parade, or Crash | | 95.2% | Rhinos | Crash or Herd | | 95.2% | Asses/Donkeys | Herd, Pace, or Drove | | 94.9% | Oxen | Team, Yoke, Drove, Herd, or Span | | 94.9% | Pigs | Drift, Drove, Sounder (Swine), Team, Passel (Hogs), Herd, Trip, or Litter | | 94.9% | Seals | Herd, Harem, Trip, Rookery, or Pod (a Small Herd) | | 94.9% | Swans | Game, Bank, Team, Herd, Bevy, Wedge (Swans in Air), Lamentation, or Ballet | | 94.9% | Walruses | Herd or Pod | | 94.9% | Antelopes | Herd | | 94.6% | Bison | Herd | | 94.6% | Caribou | Herd | | 94.6% | Cows | Herd, Kine, or Flink (12 Cows) | | 94.6% | Cranes | Herd, Seige, or Sedge | | 94.6% | Curlew | Herd | | 94.6% | Elk | Herd or Gang | | 94.6% | Geese | Skein, Team, Wedge (All Geese in Air), Plump (Geese in Water), Gaggle, or Flock | | 94.6% | Horses | Stud, String, Team, Harras, Pair, Rag, Field, Herd, Remuda, Set, or Stable | | 94.6% | Moose | Herd | | 94.6% | Reindeer | Herd | | 94.6% | Seahorses | Herd | | 94.6% | Wrens | Herd or Chime | | 94.6% | Zebras | Zeal, Herd, or Dazzle | | 94.6% | Lions | Pride, Flock, Sawt, Souse, Troop, or Sault | | 93.9% | Ducks | Raft, Paddling, Bunch (All Ducks on Water), Team, Brace, Bed, Flight, Flock (All Wild Ducks in Flight), Badling | | 93.3% | Ants | Colony, Army, State, or Swarm | | 92% | Birds | Flock, Flight, Parcel, Pod (Small Flock), Volary (in an Aviary), Brace (a Pair of Gamebirds or Waterfowl), Dissimulation | | 92% | Termites | Brood, Colony, Nest, or Swarm | | 91.7% | Chickens | Brood, Clutch, Flock, Run, or Peep | | 90.4% | Frogs | Army, Colony, or Knot | | 89.4% | Camels | Caravan, Flock, or Train | | 89.1% | Pigeons | Kit (Pigeons Flying Together), Flock, Flight, or Loft | | 89.1% | Fish | Shoal, Draft, Nest, School, or Run | | 88.8% | Lice | Flock | | 88.1% | Seagulls | Flock | | 88.1% | Swifts | Flock | | 88.1% | Dolphins | School or Pod | | 87.2% | Bats | Colony or Cloud | | 85.9% | Bees | Grift, Hive, Swarm, Drift, Bike, Cluster, Erst, or Nest | | 85.6% | Coyotes | Pack, Train, or Band | | 84.6% | Crows | Hover, Muster, Parcel, Murder, Horde, or Parliament | | 84.6% | Hounds | Pack, Kennel, Mute, Cry, or Leash | | 84.6% | Beavers | Colony or Family | | 84.3% | Weasels | Boogle, Gang, Confusion, or Pack | | 84% | Flies | Cloud, Hatch, Business, or Swarm | | 83.3% | Dogs | Pack (Wild Dogs), Kennel, Cowardice | | 83% | Locusts | Cloud, Plague, or Swarm | | 83% | Grouse | Pack or Covey | | 82.7% | Penguins | Rookery or Colony | | 82.7% | Gulls | Colony | | 81.7% | Mules | Barren, Pack, or Span | | 81.4% | Wolves | Pack or Rout | | 81.4% | Butterflies | Swarm, Rabble, Kaleidoscope, Flutter, or Rainbow | | 80.8% | Snakes | Den, Bed, Pit, Slither, Nest, Knot, or Brood (Family Group) | | 80.1% | Foxes | Skulk, Cloud, Troop, Company, Leash, or Earth | | 79.8% | Insects | Swarm | | 78.5% | Magpies | Tittering, Tiding, Gulp, Murder, or Charm | | 77.9% | Ravens | Unkindness or Murder | | 75.3% |
|
Animal | Group Name |
Kangaroos | Mob or Troop | | 74.7% | Monkeys | Troop, Cartload, or Barrel | | 73.4% | Baboons | Troop or Flange | | 72.4% | Kittens | Kendle, Kindle, or Litter | | 72.4% | Puppies | Litter or Puddle | | 72.1% | Cubs | Litter | | 71.8% | Dogfish | Troop | | 71.8% | Peeps | Litter | | 71.8% | Pelicans | Squadron, Pod, or Scoop | | 68.6% | Otters | Family, Bevy, Romp, or Raft | | 67.3% | Crocodiles | Congregation, Nest, Bask, Float, or Striker | | 66.3% | Pheasents | Head, Nye, Nest, Nide, Brood, Bevy, or Bouquet | | 64.4% | Caterpillars | Army | | 62.5% | Herring | Army | | 62.5% | Turtles | Bale, Dole, Nest, or Turn | | 60.6% | Rooks | Building, Rookery, Clamour, or Parliament | | 60.3% | Clams | Bed | | 59.9% | Oysters | Bed | | 59.9% | Gnats | Cloud or Horde | | 59.3% | Hornets | Nest | | 59% | Vipers | Nest | | 59% | Wasps | Pladge, Pail, or Nest | | 59% | Sardines | Family | | 57.4% | Grasshoppers | Cloud | | 57.1% | Tadpoles | Cloud | | 57.1% | Ponies | Drove or String | | 56.7% | Owls | Parliament, Stare, Wisdom, or Study | | 56.4% | Quail | Bevy, Drift, or Covey | | 56.1% | Turkeys | Rafter, Gang, or Clutch | | 55.8% | Doves | Flight, Dule, Dole, Pitying (Turtle Doves), Plague | | 55.1% | Jellyfish | Brood, Smuck, or Smack | | 53.5% | Sparrows | Host or Knot | | 50.6% | Guinea Pigs | Group | | 50% | Lemurs | Group | | 50% | Cormorants | Gulp or Flight | | 49.7% | Swallows | Flight or Gulp | | 49.7% | Hens | Brood | | 49% | Plovers | Stand, Wing, or Congregation | | 49% | Bass | Shoal | | 46.8% | Emus | Mob | | 46.5% | Meerkats | Mob | | 46.5% | Racehorses | String | | 46.5% | Bucks | Brace or Clash | | 46.2% | Hogs | Drift or Parcel | | 46.2% | Waterfowl | Bunch, Knob, Trip, or Plump | | 46.2% | Wildfowl | Knob (Less than 30), Bunch, Trip, or Plump | | 46.2% | Eagles | Convocation or Congregation | | 45.5% | Larks | Bevy, Exaltation, or Ascension | | 45.2% | Apes | Shrewdness | | 44.9% | Bullocks | Drove | | 44.2% | Mallards | Sord or Brace | | 43.9% | Porcupines | Prickle | | 43.9% | Widgeon | Company or Trip | | 43.9% | Hippopotami (Hippopotamuses) | Bloat or Raft | | 43.3% | Partridges | Covey | | 42.3% | Ptarmigan | Covey | | 42.3% | Chicks | Clutch or Chattering | | 41.7% | Coati (Coatimundi) | Band | | 40.7% | Gorillas | Band | | 40.7% | Flamingoes | Stand or Flamboyance | | 40.4% | Leopards | Leap | | 38.8% | Greyhounds | Leash | | 38.5% | Cheetahs | Coalition | | 38.1% | Gerbils | Horde | | 37.8% | Hamsters | Horde | | 37.8% | Hares | Husk, Down, Mute, or Trace | | 36.5% | Tigers | Ambush or Streak | | 36.2% |
|
Animal | Group Name |
Loons | Raft | | 35.3% | Sea Otters | Raft | | 35.3% | Cats | Clowder, Pounce, Clutter, Comfort, or Chowder | | 34.6% | Cockroaches | Intrusion | | 34.3% | Dotterel | Trip | | 34% | Ferrets | Business or Busyness | | 32.7% | Mongooses | Business | | 32.1% | Parrots | Pandemonium or Company | | 31.7% | Rattlesnakes | Rhumba | | 31.7% | Finches | Charm | | 31.4% | Goldfinches | Charm | | 31.4% | Hummingbirds | Charm | | 31.4% | Hyenas | Cackle | | 30.8% | Cobras | Quiver | | 30.4% | Mares | Stud | | 28.5% | Trout | Hover | | 28.5% | Budgerigars | Chatter | | 28.2% | Sharks | Shiver | | 27.2% | Starlings | Murmation, Murmuration, Filth, Chattering, or Affliction | | 27.2% | Badgers | Cete | | 26.6% | Buzzards | Wake | | 26.6% | Jackrabbits | Husk | | 26.3% | Choughs | Chattering | | 25.3% | Hawks | Boil (Two or More), Kettle (Flying in Large Numbers), Cast | | 25.3% | Ladybirds (Ladybugs/Ladybeetles) | Loveliness | | 25% | Stingrays | Fever | | 25% | Toads | Knot or Knab | | 25% | Eels | Array or Seething | | 24.7% | Hedgehogs | Array | | 24.4% | Crabs | Bushel or Cast | | 24% | Peacocks | Muster, Ostentation, or Pulchritude | | 24% | Worms | Clew | | 23.1% | Skylarks | Ascension | | 22.8% | Squirrels | Dray or Scurry | | 22.8% | Schnauzers | Stench | | 22.4% | Skunks | Surfeit | | 22.4% | Wild Boars | Sounder or Singular | | 22.1% | Mosquitoes | Scourge | | 22.1% | Colts | Rag | | 21.8% | Tortoises | Creep | | 21.2% | Teal | Spring | | 20.8% | Curs | Cowardice | | 20.5% | Goldfish | Troubling | | 20.5% | Woodpeckers | Descent | | 20.5% | Bears | Sloth or Sleuth | | 19.9% | Jays | Party or Scold | | 19.6% | Prairie Dogs | Coterie | | 18.9% | Gnus | Implausibility | | 18.6% | Ruffs | Hill | | 18.6% | Herons | Scattering, Seige, or Sedge | | 18.3% | Martins | Richness or Richesse | | 18.3% | Minnows | Steam | | 17.6% | Moles | Labour | | 17.6% | Guinea Fowl | Confusion or Rasp | | 17.3% | Nightingales | Watch or Enchantment | | 17.3% | Bitterns | Sedge | | 17% | Coots | Covert or Cover | | 17% | Vultures | Committee | | 16.7% | Bobolinks | Chain | | 16% | Woodcocks | Fall | | 15.7% | Lapwings | Desert or Deceit | | 12.8% | Dunlins | Fling | | 10.6% | Guillemots | Bazaar | | 10.6% | Storks | Mustering | | 9.9% | Thrushes | Mutation | | 9.6% | Snipe | Wisp or Walk | | 9.3% |
|
Comments